La tierra, planeta desconocido / (Record no. 176803)

MARC details
000 -LEADER
campo de control de longitud fija 00882nam a22002655i 4500
001 - NÚMERO DE CONTROL
campo de control 176803
003 - IDENTIFICADOR DE NÚMERO DE CONTROL
campo de control ES-MaACL
005 - FECHA Y HORA DE LA ÚLTIMA TRANSACCIÓN
campo de control 20250815110844.0
008 - DATOS DE LONGITUD FIJA--INFORMACIÓN GENERAL
campo de control de longitud fija 110210s1970 sp ao |||| | spa d
080 ## - NÚMERO DE LA CLASIFICACIÓN DECIMAL UNIVERSAL
Número de la Clasificación Decimal Universal 555.1
080 ## - NÚMERO DE LA CLASIFICACIÓN DECIMAL UNIVERSAL
Número de la Clasificación Decimal Universal 523.31
100 1# - ENTRADA PRINCIPAL--NOMBRE DE PERSONA
Nombre de persona Derrey, François.
9 (RLIN) 145150
245 13 - MENCIÓN DEL TÍTULO
Título La tierra, planeta desconocido /
Mención de responsabilidad, etc. [François Derrey ; traducción de Vicente de Artadi].
250 ## - MENCION DE EDICION
Mención de edición 1ª ed.
260 ## - PUBLICACIÓN, DISTRIBUCIÓN, ETC.
Lugar de publicación, distribución, etc. Esplugas de Llobregat (Barcelona) :
Nombre del editor, distribuidor, etc. Plaza & Janés,
Fecha de publicación, distribución, etc. 1970.
300 ## - DESCRIPCIÓN FÍSICA
Extensión 255 p. :
Otras características físicas il. bl. y n. ;
Dimensiones 18 cm.
490 1# - MENCIÓN DE SERIE
Mención de serie Enciclopedia Horizonte ;
Designación de volumen o secuencia 11
504 ## - NOTA DE BIBLIOGRAFÍA, ETC.
Nota de bibliografía, etc. Bibliografía: p. 254-255.
650 07 - PUNTO DE ACCESO ADICIONAL DE MATERIA--TÉRMINO DE MATERIA
Término de materia o nombre geográfico como elemento de entrada Geología
Fuente del encabezamiento o término embne
9 (RLIN) 13086
650 #4 - PUNTO DE ACCESO ADICIONAL DE MATERIA--TÉRMINO DE MATERIA
Término de materia o nombre geográfico como elemento de entrada Tierra (Planeta)
9 (RLIN) 178412
700 0# - ENTRADA AGREGADA--NOMBRE PERSONAL
Nombre de persona Artadi, Vicente de.
9 (RLIN) 23414
830 0# - PUNTO DE ACCESO ADICIONAL DE SERIE-TÍTULO UNIFORME
Título uniforme Enciclopedia Horizonte ;
Designación de volumen o secuencia 11
9 (RLIN) 190248
852 ## - LOCALIZACIÓN
Ubicación ES-MaACL
Número de control de estantería E-14280
Encuadernación Olim P-1404
Holdings
Estatus retirado Estado de pérdida Estado de daño No para préstamo Biblioteca de origen Biblioteca actual Ubicación en estantería Fecha de adquisición Fuente de adquisición Total de préstamos Signatura topográfica completa Código de barras Visto por última vez Precio de reemplazo Tipo de ítem Koha
        Biblioteca del Ateneo de Madrid Biblioteca del Ateneo de Madrid Depósito 2 10/02/2011     E-14280 1185695 23/02/2023 23/02/2023 Libro impreso